| 000 | 00488nam a2200181Ia 4500 | ||
|---|---|---|---|
| 999 |
_c20191 _d20191 |
||
| 082 | _a305.51209542 SAN-; | ||
| 100 | _aSanwal, R.D. | ||
| 245 | 0 | _aSocial stratification in rural Kumaon | |
| 260 |
_aDelhi _bOxford University Press _c1976 |
||
| 300 | _a213p. | ||
| 504 | _aIncludes index | ||
| 650 | _aSocial status - Kumaon | ||
| 650 | _aCaste - Kumaon | ||
| 650 | _aSocial stratification | ||
| 650 | _aSocial classes - Kumaon | ||
| 650 | _aKumaon - Rural conditions | ||
| 942 | _cBK | ||